Le mutazioni di proteo: i giardini medicei del cinquecento

Uloženo v:
Podrobná bibliografie
Hlavní autor: Mastrorocco, Mila (autora)
Médium: Kniha
Jazyk:italština
Vydáno: Florencia Sansoni 1981
Témata:
Tagy: Přidat tag
Žádné tagy, Buďte první, kdo vytvoří štítek k tomuto záznamu!

MARC

LEADER 00000nam a2200000 a 4500
001 UCO0169
003 CL-VaPUC
008 000420e19810000IT |||||||||||||||||ita|d
082 0 4 |a 712.5  |b MAS  |2 21 
100 |a Mastrorocco, Mila  |e autora  |9 441244 
245 1 3 |a Le mutazioni di proteo: i giardini medicei del cinquecento 
300 |a 203 p 
942 |c BK 
945 |d 20000420 00:00:00  |a crobeson 
260 |a Florencia  |b Sansoni  |c 1981 
650 0 |a Jardines  |9 268264 
650 0 |a Arquitectura del paisaje  |9 268210 
583 |a last modification  |c 20000420 00:00:00  |k Rodrigo Vera 
999 |c 286885  |d 286883 
952 |0 0  |1 0  |4 0  |6 712_500000000000000_MAS_1981  |7 0  |8 X  |9 333149  |a BIBHIS  |b BIBHIS  |d 2019-11-20  |i 139911K  |o 712.5 MAS 1981  |p 139911K  |r 2024-01-30  |w 2019-11-20  |y BK_X  |k HIS